00866nam a2200229 a 450000100100000000500170001000800410002702000150006804000250008308200160010824501130012426000270023730000330026449000310029750000340032850000730036250400320043560000340046770000500050171000540055183000310060500000523220200929151621.0090818s2000 sp a 001 0 spa d a8400079108 aDO-SdBNPbspacBNPHU axxxxbR556b00aRiemann Bernhard :bRiemanniana selecta /cedición y estudio introductorio José Ferreirós Domínguez. aMadrid :bCSIC,c2000. aclv, 138 p. :bil. ;c24 cm.1 aClásicos del pensamiento aIncluye índice onomástico aIncluye referencias bibliográficas y notas al pie de las páginas aBibliografía : p. 133-13814aBERNHARD, RIEMANN,d1826-18661 aFerreirós Domínguez, José,eed. e intr.1 aConsejo Superior de Investigaciones Científicas 0aClásicos del pensamiento